| 000 | 01043aam a2200325 i 4500 | ||
|---|---|---|---|
| 001 | vtls000872363 | ||
| 003 | PNM | ||
| 005 | 20200806105453.0 | ||
| 008 | 190305s2018 ii a b 000 1 tam d | ||
| 020 |
_a9788123436012 _qpaperback _cRM19.60 |
||
| 039 | 9 |
_a201903151008 _bfadzli |
|
| 040 |
_aPNM _beng _cPNM _erda _dPPAK |
||
| 049 | _aklp | ||
| 082 | 0 | 4 |
_a894.8113 _223 |
| 090 | 0 | 0 |
_a894.8113 _bMEE _dK |
| 245 | 0 | 0 |
_6880-01 _aMeena ennum maina = _bMyna, also known as Meena |
| 246 | 3 | 3 | _aMeena ennum myna |
| 246 | 3 | 3 | _aMīṉā eṉṉum maiṉā |
| 264 | 1 |
_aChennai, India : _bNestling Books Publishing and Distributors (P) Ltd., _c2018 |
|
| 300 |
_a16 pages : _bcolour illustrations ; _c29 cm |
||
| 336 |
_atext _2rdacontent |
||
| 337 |
_aunmediated _2rdamedia |
||
| 338 |
_avolume _2rdacarrier |
||
| 650 | 1 | 0 | _aChildren's stories, Tamil |
| 880 | 1 | 0 |
_6245-01/$1 _aமீனா என்னும் மைனா |
| 942 |
_2ddc _cB |
||
| 949 |
_61001372296 _e2605137 |
||
| 949 |
_61001372297 _e2605138 |
||
| 949 |
_61001372298 _e2605139 |
||
| 999 |
_c178517 _d178516 |
||